[Event "Cappelle-la-Grande"]
[Site "Cappelle-la-Grande (FRA)"]
[Date "2013.03.01"]
[Round "8.17"]
[White "Baron, Tal"]
[Black "Le Roux, Jean-Pierre"]
[Result "1/2-1/2"]
[WhiteElo "2470"]
[BlackElo "2564"]
[PlyCount "124"]
[EventDate "2013.??.??"]

1. d4 Nf6 2. c4 g6 3. Nc3 d5 4. Qb3 dxc4 5. Qxc4 Bg7 6. e4 O-O 7. Be2 Na6 8.
Nf3 c5 9. d5 e6 10. O-O exd5 11. exd5 Re8 12. Be3 Qb6 13. Rad1 Bf5 14. d6 h6
15. Rd2 Rad8 16. Rfd1 g5 17. Na4 Qc6 18. Qb5 Qxb5 19. Bxb5 Bd7 20. Bxd7 Nxd7
21. h4 Re4 22. Nc3 Bxc3 23. bxc3 f6 24. hxg5 fxg5 25. Rd5 Re6 26. Rf5 b6 27. a4
Nf6 28. Re5 Rexd6 29. Rxd6 Rxd6 30. Re7 Rd7 31. Re6 Kf7 32. Rc6 Ng4 33. Bd2 Rc7
34. Rd6 Ke7 35. Rg6 Kf7 36. Rd6 Nb8 37. Rd8 Nc6 38. Ra8 Na5 39. Nh2 Nf6 40. Nf1
Nc4 41. f3 Rd7 42. Be1 Nd5 43. Ng3 Nf4 44. Ne4 Nb2 45. a5 bxa5 46. Bf2 Nbd3 47.
Nxc5 Nxc5 48. Bxc5 Ne2+ 49. Kh2 Rc7 50. Bxa7 Rxc3 51. Bf2 Ra3 52. Ra7+ Kf6 53.
Ra6+ Ke5 54. Rxh6 Ra2 55. Be3 Nf4 56. Bxf4+ Kxf4 57. Rf6+ Ke5 58. Rg6 Kf5 59.
Ra6 g4 60. Kg3 gxf3 61. Kxf3 Ra3+ 62. Ke2 a4 1/2-1/2

[Event "Cappelle-la-Grande"]
[Site "Cappelle-la-Grande (FRA)"]
[Date "2013.03.01"]
[Round "8.18"]
[White "Raznikov, Danny"]
[Black "Kovacevic, Aleksandar"]
[Result "1/2-1/2"]
[WhiteElo "2463"]
[BlackElo "2563"]
[PlyCount "180"]
[EventDate "2013.??.??"]

1. d4 Nf6 2. c4 e6 3. Nc3 Bb4 4. e3 O-O 5. Nge2 d5 6. a3 Be7 7. cxd5 exd5 8.
Nf4 c6 9. Bd3 Re8 10. O-O Nbd7 11. f3 Nf8 12. Bc2 Ne6 13. e4 dxe4 14. Nxe6 Bxe6
15. fxe4 Bg4 16. Qd3 Bh5 17. Bf4 Bg6 18. Qd2 Qd7 19. h3 Bd8 20. e5 Bxc2 21.
exf6 Bb3 22. Bh6 gxh6 23. Qxh6 Qxd4+ 24. Kh1 Bxf6 25. Rxf6 Bc2 26. Rd6 Qe5 27.
Qd2 Bg6 28. Rd1 a5 29. Qf2 Bh5 30. Rd7 b5 31. Rf1 b4 32. Na4 Rad8 33. Nc5 bxa3
34. bxa3 Bg6 35. a4 Kh8 36. Rxd8 Rxd8 37. Qf6+ Qxf6 38. Rxf6 Rd2 39. Nb3 Rc2
40. Rf4 c5 41. Nxa5 Bd3 42. Nc6 f5 43. Ne7 c4 44. Nxf5 c3 45. Nd4 Ra2 46. Rf3
c2 47. Nxc2 Bxc2 48. Rf2 Ra1+ 49. Kh2 Bxa4 50. Rf8+ Kg7 51. Ra8 Ra2 52. Ra7+
Kg6 53. Ra6+ Kg5 54. Ra5+ Kf4 55. Ra7 h6 56. Ra6 h5 57. Ra5 h4 58. Rh5 Bc6 59.
Rxh4+ Ke3 60. Rg4 Kf2 61. Rf4+ Ke1 62. Rg4 Bf3 63. Rg3 Bd5 64. Rg5 Be4 65. Rg4
Re2 66. Kg1 Kd2 67. Kh2 Ke3 68. Kg1 Re1+ 69. Kh2 Rf1 70. Rg3+ Ke2 71. Rg4 Ke3
72. Rg3+ Kd2 73. Rg4 Re1 74. Rg3 Ke2 75. Rg4 Ke3 76. Rg3+ Kf2 77. Rg4 Re2 78.
Rf4+ Ke3 79. Rg4 Rf2 80. Kg1 Rf7 81. Rg3+ Ke2 82. Rg4 Bb7 83. Rg5 Rf1+ 84. Kh2
Rf2 85. Kg1 Rf1+ 86. Kh2 Rb1 87. Re5+ Kf2 88. Rf5+ Ke3 89. Rg5 Be4 90. Rg4 Re1
1/2-1/2

[Event "Cappelle-la-Grande"]
[Site "Cappelle-la-Grande (FRA)"]
[Date "2013.03.01"]
[Round "8.21"]
[White "Jarmula, Lukasz"]
[Black "Eingorn, Vereslav S"]
[Result "1/2-1/2"]
[WhiteElo "2164"]
[BlackElo "2547"]
[PlyCount "75"]
[EventDate "2013.??.??"]

1. e4 e6 2. d4 d5 3. Nc3 Nf6 4. e5 Nfd7 5. f4 c5 6. Nf3 Nc6 7. Be3 Be7 8. Qd2
O-O 9. O-O-O c4 10. f5 b5 11. f6 gxf6 12. Bh6 fxe5 13. Qe1 Kh8 14. Bxf8 Bxf8
15. dxe5 b4 16. Nxd5 exd5 17. Rxd5 Qe7 18. Bxc4 Bb7 19. e6 Nb6 20. Rh5 Nxc4 21.
Qe4 fxe6 22. Qxc4 Qf6 23. Ng5 Bh6 24. h4 Rf8 25. Qd3 Qg7 26. Kb1 Nd8 27. Rf1
Rxf1+ 28. Qxf1 Bd5 29. g4 Bxg5 30. Rxg5 Qe7 31. Qf4 Nf7 32. Qd4+ e5 33. Qxd5
Nxg5 34. hxg5 Kg7 35. Qc6 Qxg5 36. Qb7+ Kh6 37. Qh1+ Kg7 38. Qb7+ 1/2-1/2

[Event "Cappelle-la-Grande"]
[Site "Cappelle-la-Grande (FRA)"]
[Date "2013.03.01"]
[Round "8.22"]
[White "Gajek, Radoslaw"]
[Black "Jovanic, Ognjen"]
[Result "1-0"]
[WhiteElo "2273"]
[BlackElo "2547"]
[PlyCount "75"]
[EventDate "2013.??.??"]

1. e4 e5 2. Nf3 Nc6 3. Bc4 Bc5 4. O-O Nf6 5. d3 a6 6. c3 d6 7. Bb3 h6 8. Nbd2
O-O 9. Re1 Re8 10. Nf1 Ba7 11. Ng3 Be6 12. Bc2 d5 13. Qe2 dxe4 14. dxe4 Ng4 15.
Rf1 Qe7 16. h3 Nf6 17. Nh4 Kh7 18. Nhf5 Qf8 19. Qf3 Ng8 20. Nh5 Bxf5 21. exf5
f6 22. Re1 Rad8 23. Re4 Rd7 24. Rg4 e4 25. Rxe4 Rxe4 26. Bxe4 Ne5 27. Qe2 c6
28. Bf4 Qe8 29. Bc2 Re7 30. Bb3 Nf7 31. Be6 Ng5 32. Re1 Nxe6 33. fxe6 g6 34.
Bd6 gxh5 35. Bxe7 Nxe7 36. Rd1 Kg6 37. Rd7 Nf5 38. Qe4 1-0

[Event "Cappelle-la-Grande"]
[Site "Cappelle-la-Grande (FRA)"]
[Date "2013.03.01"]
[Round "8.24"]
[White "Sumets, Andrey"]
[Black "Sequera Paolini, Jose"]
[Result "0-1"]
[WhiteElo "2632"]
[BlackElo "2396"]
[PlyCount "76"]
[EventDate "2013.??.??"]

1. d4 Nf6 2. c4 g6 3. Nc3 d5 4. e3 Bg7 5. cxd5 Nxd5 6. Bc4 Nxc3 7. bxc3 c5 8.
Nf3 O-O 9. O-O Qc7 10. Bb3 Nd7 11. e4 e5 12. d5 Nb6 13. Nd2 Bd7 14. a4 Nc8 15.
Nc4 Nd6 16. f4 Nxc4 17. Bxc4 Qa5 18. Ra3 exf4 19. Qb3 Rae8 20. Qxb7 Rxe4 21.
Qxd7 Rxc4 22. Bxf4 Qd8 23. Qc6 Bxc3 24. Rb3 Qe8 25. Qxe8 Rxe8 26. d6 Bd4+ 27.
Kh1 Bf6 28. g3 Rxa4 29. d7 Rd8 30. Bh6 Be5 31. Re1 f6 32. Rc1 Rxd7 33. Rxc5 Ra2
34. Rc8+ Kf7 35. Rf8+ Ke6 36. Re8+ Kf5 37. Rb1 g5 38. h4 Rdd2 0-1

[Event "Cappelle-la-Grande"]
[Site "Cappelle-la-Grande (FRA)"]
[Date "2013.03.01"]
[Round "8.25"]
[White "Rozentalis, Eduardas"]
[Black "Terrieux, Kevin"]
[Result "1-0"]
[WhiteElo "2613"]
[BlackElo "2419"]
[PlyCount "97"]
[EventDate "2013.??.??"]

1. e4 c5 2. Nf3 Nc6 3. Bb5 g6 4. O-O Bg7 5. Re1 e5 6. c3 Nge7 7. d4 cxd4 8.
cxd4 Nxd4 9. Nxd4 exd4 10. Bg5 a6 11. Bc4 d6 12. Nd2 O-O 13. Nb3 Be6 14. Bxe6
fxe6 15. Nxd4 Qd7 16. Rc1 Rac8 17. Rxc8 Rxc8 18. b3 Nc6 19. Be3 Nxd4 20. Bxd4
Rc6 21. g3 Qf7 22. Bxg7 Qxg7 23. Re3 Qe5 24. Kg2 h5 25. Qd2 Kg7 26. h4 Kh7 27.
Qb4 Rc7 28. Rd3 a5 29. Qd4 Qxd4 30. Rxd4 Rc6 31. b4 axb4 32. Rxb4 b6 33. a4 Kg7
34. Kf3 Kf6 35. Ke3 Ke7 36. Kd4 Kd7 37. Rb5 e5+ 38. Kd3 Kc7 39. f4 exf4 40.
gxf4 Rc1 41. Rg5 Rh1 42. Rxg6 Rxh4 43. f5 Rf4 44. Kd4 Kc6 45. Rh6 Rf1 46. Ke3
Ra1 47. Kf4 Rxa4 48. f6 Ra1 49. Kf5 1-0

[Event "Cappelle-la-Grande"]
[Site "Cappelle-la-Grande (FRA)"]
[Date "2013.03.01"]
[Round "8.27"]
[White "Petre, Nad-Titus"]
[Black "Svetushkin, Dmitry"]
[Result "1/2-1/2"]
[WhiteElo "2374"]
[BlackElo "2612"]
[PlyCount "113"]
[EventDate "2013.??.??"]

1. c4 Nf6 2. Nc3 e5 3. Nf3 Nc6 4. e4 Bc5 5. Nxe5 Nxe5 6. d4 Bb4 7. dxe5 Nxe4 8.
Qf3 Nxc3 9. bxc3 Be7 10. Qg3 g6 11. Bh6 Bf8 12. Bg5 Be7 13. Bh6 d5 14. Rd1 c6
15. cxd5 cxd5 16. Bb5+ Bd7 17. Qd3 a6 18. Bxd7+ Qxd7 19. O-O O-O-O 20. Be3 Qc6
21. Qd4 Rhe8 22. Rb1 Rd7 23. a4 Rc7 24. Rb6 Qc4 25. Rfb1 Qxd4 26. cxd4 Bf8 27.
h4 Re6 28. R6b2 Rec6 29. Kh2 Rc4 30. Ra2 Rc2 31. Raa1 R7c4 32. h5 Bb4 33. Rd1
Kc7 34. Kg3 Kb6 35. Kg4 Ka5 36. Kg5 Rc6 37. Kh6 gxh5+ 38. Kxh7 f5 39. Rh1 Re6
40. Rac1 Rxc1 41. Bxc1 Kxa4 42. Rxh5 Kb3 43. Rxf5 Kc2 44. Bh6 a5 45. Rf7 b5 46.
Rc7+ Kd3 47. Bc1 a4 48. f4 a3 49. f5 Ra6 50. e6 Bd6 51. Rc8 Ra7+ 52. Kg6 b4 53.
f6 Kxd4 54. Rc6 Bf8 55. Rc8 Bd6 56. Rc6 Bf8 57. Rc8 1/2-1/2

[Event "Cappelle-la-Grande"]
[Site "Cappelle-la-Grande (FRA)"]
[Date "2013.03.01"]
[Round "8.29"]
[White "Miezis, Normunds"]
[Black "Shirazi, Kamran"]
[Result "1-0"]
[WhiteElo "2572"]
[BlackElo "2373"]
[PlyCount "81"]
[EventDate "2013.??.??"]

1. c4 e6 2. e4 d5 3. exd5 exd5 4. d4 Nf6 5. Nc3 Be6 6. cxd5 Nxd5 7. Nf3 Be7 8.
Bb5+ Nd7 9. O-O O-O 10. Re1 Re8 11. h3 h6 12. Ba4 Bf8 13. a3 Rc8 14. Ne4 Bf5
15. Ng3 Rxe1+ 16. Qxe1 Be6 17. b4 c6 18. Bc2 b6 19. Bb2 a5 20. bxa5 bxa5 21.
Bc1 c5 22. Bd2 Ra8 23. dxc5 Nxc5 24. Nd4 Bd7 25. Qe5 Ba4 26. Bxa4 Nxa4 27. Ngf5
Nab6 28. Rc1 Qf6 29. Qg3 Qg6 30. Qf3 Ne7 31. Nxe7+ Bxe7 32. Nf5 Qf6 33. Bc3 Qg5
34. Rb1 Bc5 35. Rxb6 Qc1+ 36. Kh2 Bxb6 37. Qxa8+ Kh7 38. Qf3 Qxa3 39. Nxg7 Bxf2
40. Nh5 Kg8 41. Qa8+ 1-0

[Event "Cappelle-la-Grande"]
[Site "Cappelle-la-Grande (FRA)"]
[Date "2013.03.01"]
[Round "8.30"]
[White "Cornette, Matthieu"]
[Black "Kojima, Shinya"]
[Result "1-0"]
[WhiteElo "2567"]
[BlackElo "2368"]
[PlyCount "95"]
[EventDate "2013.??.??"]

1. e4 c6 2. d4 d5 3. e5 c5 4. c3 Nc6 5. Ne2 e6 6. Nd2 Qb6 7. Nf3 Bd7 8. g3 Rc8
9. Bg2 cxd4 10. Nexd4 Nxd4 11. Nxd4 Ne7 12. O-O Nc6 13. Nf3 Be7 14. b3 O-O 15.
Be3 Qc7 16. Bf4 Rfd8 17. Qd2 Be8 18. h4 Nb8 19. Rac1 Bb5 20. Rfd1 Ba3 21. Rc2
Nc6 22. Qe1 a5 23. Bc1 Bf8 24. Bg5 Re8 25. Rcd2 h6 26. Bf4 Ne7 27. Nd4 Ba6 28.
Rc2 Nc6 29. Nxc6 Qxc6 30. c4 Bb4 31. Qe3 Qc5 32. Qf3 dxc4 33. Qg4 Kh8 34. Qh5
Kg8 35. Rd7 Re7 36. Be3 Qb5 37. Rd4 Rec7 38. Bxh6 g6 39. Rg4 cxb3 40. Rxg6+
fxg6 41. Qxg6+ Kh8 42. Bg7+ Kg8 43. Bf6+ Kf8 44. Qh6+ Ke8 45. Qh8+ Kf7 46. Qg7+
Ke8 47. Qg8+ Bf8 48. Qxe6+ 1-0

[Event "Cappelle-la-Grande"]
[Site "Cappelle-la-Grande (FRA)"]
[Date "2013.03.01"]
[Round "8.31"]
[White "Vovk, Andrey"]
[Black "Berkovich, Mark A"]
[Result "1-0"]
[WhiteElo "2564"]
[BlackElo "2354"]
[PlyCount "125"]
[EventDate "2013.??.??"]

1. e4 c6 2. d4 d5 3. e5 c5 4. dxc5 Nc6 5. Nf3 e6 6. c3 Bxc5 7. Bd3 Nge7 8. Qe2
a6 9. h4 Qc7 10. h5 h6 11. Rh4 Nf5 12. Rg4 Nce7 13. Nbd2 Bd7 14. Nb3 Bb6 15. a4
O-O-O 16. a5 Ba7 17. Rf4 f6 18. g4 fxe5 19. Nxe5 Nd6 20. Nd4 Bxd4 21. cxd4 Nc6
22. Be3 Kb8 23. Nxc6+ Bxc6 24. Rf3 Ka7 25. Bf4 Qd7 26. Re3 Nc4 27. Rxe6 Rhe8
28. Bf5 Rxe6 29. Bxe6 Qe7 30. Bf5 Qb4+ 31. Kf1 Nxb2 32. Kg2 Nc4 33. Qc2 Qe7 34.
Qc3 Rf8 35. Re1 Qd8 36. Qb4 Rf7 37. Qc5+ Ka8 38. Re6 Qxa5 39. Rxc6 bxc6 40.
Qxc6+ Ka7 41. Bb8+ Kxb8 42. Qe8+ Kb7 43. Qxf7+ Qc7 44. Qxd5+ Kb6 45. Bd3 Nd6
46. f3 Nb5 47. Qe5 Qc3 48. Bxb5 axb5 49. Qxg7 Qd2+ 50. Kh3 b4 51. Qf6+ Kb5 52.
g5 hxg5 53. h6 Qd3 54. Qxg5+ Ka4 55. Kg3 b3 56. Qg8 Qxd4 57. h7 Qg1+ 58. Kh3
Qh1+ 59. Kg4 Qg2+ 60. Kf4 Qd2+ 61. Kf5 Qd3+ 62. Kg4 Qd4+ 63. Kh3 1-0

[Event "Cappelle-la-Grande"]
[Site "Cappelle-la-Grande (FRA)"]
[Date "2013.03.01"]
[Round "8.32"]
[White "Ter-Sahakyan, Samvel"]
[Black "Nilsson, Sebastian"]
[Result "1-0"]
[WhiteElo "2563"]
[BlackElo "2330"]
[PlyCount "81"]
[EventDate "2013.??.??"]

1. e4 c5 2. Nf3 d6 3. d4 cxd4 4. Nxd4 Nf6 5. Nc3 g6 6. Be3 Bg7 7. f3 O-O 8. Qd2
Nc6 9. Bc4 Nxd4 10. Bxd4 Be6 11. Bb3 Qa5 12. O-O-O Rfc8 13. Kb1 b5 14. g4 b4
15. Ne2 Bxb3 16. cxb3 Qb5 17. Rc1 a5 18. h4 Rxc1+ 19. Rxc1 Qb7 20. h5 Rd8 21.
Ng3 e5 22. h6 Bh8 23. Be3 Ne8 24. Qd5 Qxd5 25. exd5 Bf6 26. Ne4 Be7 27. g5 f5
28. gxf6 Nxf6 29. Nxf6+ Bxf6 30. Rc6 Rd7 31. Kc2 Kf7 32. Kd3 g5 33. Ke4 Kg6 34.
a3 Bd8 35. axb4 Kxh6 36. Bc5 Kh5 37. Bxd6 axb4 38. Bxe5 g4 39. fxg4+ Kxg4 40.
d6 h5 41. Rc7 1-0

[Event "Cappelle-la-Grande"]
[Site "Cappelle-la-Grande (FRA)"]
[Date "2013.03.01"]
[Round "8.33"]
[White "Tugui, Adrian"]
[Black "Papin, Vasily"]
[Result "0-1"]
[WhiteElo "2370"]
[BlackElo "2562"]
[PlyCount "55"]
[EventDate "2013.??.??"]

1. d4 Nf6 2. c4 e6 3. Nf3 b6 4. g3 Ba6 5. Qc2 c5 6. d5 exd5 7. cxd5 Bb7 8. Bg2
Nxd5 9. O-O Be7 10. Rd1 Nc6 11. Qa4 Nf6 12. Nc3 O-O 13. Bg5 h6 14. Qh4 Nd4 15.
Bxf6 Bxf6 16. Qg4 Ne6 17. Rd2 Bxc3 18. bxc3 Qf6 19. Rad1 Qxc3 20. Rxd7 Rad8 21.
Nh4 Rxd7 22. Rxd7 Bc8 23. Rxa7 Ng5 24. Nf5 Qf6 25. e4 g6 26. Nxh6+ Kg7 27. Qd1
Kxh6 28. f4 0-1

[Event "Cappelle-la-Grande"]
[Site "Cappelle-la-Grande (FRA)"]
[Date "2013.03.01"]
[Round "8.34"]
[White "Nemcova, Katerina"]
[Black "Borovikov, Vladislav"]
[Result "0-1"]
[WhiteElo "2368"]
[BlackElo "2557"]
[PlyCount "102"]
[EventDate "2013.??.??"]

1. e4 c5 2. Nf3 d6 3. d4 cxd4 4. Qxd4 Nf6 5. Nc3 Nc6 6. Bb5 Nd7 7. Qc4 Nb6 8.
Qe2 a6 9. Bd3 e6 10. O-O Be7 11. e5 d5 12. Bf4 Nd7 13. Qd2 Nc5 14. Rfd1 Qb6 15.
Rab1 Nxd3 16. cxd3 h6 17. d4 Bd7 18. h4 Rc8 19. h5 Na5 20. Ne1 Nc4 21. Qe2 Qd8
22. Qg4 Bg5 23. Nd3 O-O 24. Nc5 Rc7 25. Rd3 Bxf4 26. Qxf4 Qg5 27. Qxg5 hxg5 28.
Nxd7 Rxd7 29. Rg3 f6 30. exf6 gxf6 31. f4 Rg7 32. f5 exf5 33. Nxd5 Rd7 34. Rc1
b5 35. b3 Rxd5 36. bxc4 Rxd4 37. cxb5 axb5 38. Rc5 f4 39. Rb3 Kg7 40. Rcxb5 Kh6
41. R5b4 Rd1+ 42. Kh2 Kxh5 43. Rb1 Rxb1 44. Rxb1 Ra8 45. Rb6 f5 46. Rb2 Kg4 47.
Kg1 f3 48. Rb4+ f4 49. a4 Re8 50. Rb1 fxg2 51. Kxg2 Re2+ 0-1

[Event "Cappelle-la-Grande"]
[Site "Cappelle-la-Grande (FRA)"]
[Date "2013.03.01"]
[Round "8.35"]
[White "Giffard, Nicolas"]
[Black "Jojua, Davit"]
[Result "1/2-1/2"]
[WhiteElo "2359"]
[BlackElo "2543"]
[PlyCount "86"]
[EventDate "2013.??.??"]

1. d4 g6 2. c4 Bg7 3. Nf3 c5 4. d5 d6 5. e4 e6 6. Be2 Nf6 7. Nc3 exd5 8. cxd5
O-O 9. O-O a6 10. a4 Bg4 11. Bf4 Re8 12. Nd2 Bxe2 13. Qxe2 Nh5 14. Be3 Nd7 15.
a5 Qe7 16. Ra4 Nhf6 17. h3 Red8 18. Bg5 h6 19. Bh4 Re8 20. f4 Qf8 21. Qd3 b5
22. axb6 Nxb6 23. Ra5 Nh5 24. Qf3 f5 25. exf5 Re3 26. Qg4 Qxf5 27. Ra2 Nf6 28.
Qxf5 gxf5 29. Bxf6 Bxf6 30. Rfa1 Bd4 31. Kh2 Rd3 32. Rxa6 Rxa6 33. Rxa6 Be3 34.
Nf1 Nc4 35. Nxe3 Rxe3 36. Nb5 Re2 37. b3 Ne3 38. Kg3 Rxg2+ 39. Kf3 Rb2 40. Kxe3
Rxb3+ 41. Kf2 Rxb5 42. Rxd6 Rb2+ 43. Kg3 Rb3+ 1/2-1/2

[Event "Cappelle-la-Grande"]
[Site "Cappelle-la-Grande (FRA)"]
[Date "2013.03.01"]
[Round "8.36"]
[White "Castellanos Rodrigue, Renier"]
[Black "Marholev, Dimitar"]
[Result "0-1"]
[WhiteElo "2529"]
[BlackElo "2333"]
[PlyCount "62"]
[EventDate "2013.??.??"]

1. e4 e5 2. Nf3 Nc6 3. Bb5 a6 4. Ba4 Nf6 5. d3 b5 6. Bb3 Be7 7. c3 d6 8. Nbd2
O-O 9. O-O Na5 10. Bc2 c5 11. Re1 Re8 12. Nf1 Bf8 13. Bg5 h6 14. Bh4 g5 15. Bg3
Nh5 16. Ne3 Nf4 17. a3 Bg7 18. b4 Nc6 19. Bb3 Be6 20. Bxe6 fxe6 21. h4 Qf6 22.
hxg5 hxg5 23. Ng4 Qg6 24. bxc5 dxc5 25. a4 Red8 26. axb5 axb5 27. Rxa8 Rxa8 28.
Qb3 Nxd3 29. Qxb5 Nxe1 30. Qxc6 Ra1 31. Kh2 Nxf3+ 0-1

[Event "Cappelle-la-Grande"]
[Site "Cappelle-la-Grande (FRA)"]
[Date "2013.03.01"]
[Round "8.37"]
[White "Baryshpolets, Andrey"]
[Black "Martynov, Pavel"]
[Result "1-0"]
[WhiteElo "2526"]
[BlackElo "2323"]
[PlyCount "121"]
[EventDate "2013.??.??"]

1. d4 d5 2. c4 c6 3. Nf3 Nf6 4. Nc3 dxc4 5. a4 Bf5 6. e3 e6 7. Bxc4 Bb4 8. O-O
O-O 9. Qe2 Nbd7 10. e4 Bg4 11. Rd1 Qe7 12. h3 Bh5 13. Bg5 h6 14. Bh4 e5 15. g4
Bg6 16. dxe5 Nxe5 17. Nxe5 Qxe5 18. Bg3 Qe7 19. f3 Rfe8 20. Kg2 a5 21. Rd4 Nd7
22. Rad1 Nb6 23. Bb3 Kh8 24. Bd6 Bxd6 25. Rxd6 Nd5 26. Bxd5 Qxd6 27. Bxf7 Qxd1
28. Qxd1 Bxf7 29. Qc1 Rad8 30. g5 hxg5 31. Qxg5 Rd6 32. Qf4 Rf6 33. Qc7 Bg6 34.
Ne2 Ref8 35. Nd4 Bh5 36. Nf5 R8f7 37. Qe5 Kh7 38. f4 Bg6 39. Nd6 Rd7 40. Nc4
Rd3 41. Kf2 Rxh3 42. f5 Bh5 43. Nxa5 Rf3+ 44. Ke1 Rd3 45. Nxb7 Rh6 46. Nc5 Rd1+
47. Kf2 Bf7 48. Qe7 Rh3 49. Qxf7 Rd2+ 50. Kg1 Rg3+ 51. Kf1 Rh3 52. Qg6+ Kh8 53.
Qe8+ Kh7 54. Qg6+ Kh8 55. Kg1 Rdh2 56. Ne6 Rh1+ 57. Kf2 R1h2+ 58. Ke1 Re3+ 59.
Kd1 Rd3+ 60. Kc1 Rh1+ 61. Kc2 1-0

[Event "Cappelle-la-Grande"]
[Site "Cappelle-la-Grande (FRA)"]
[Date "2013.03.01"]
[Round "8.39"]
[White "Ulibin, Mikhail"]
[Black "Lefebvre, Herve"]
[Result "1-0"]
[WhiteElo "2521"]
[BlackElo "2286"]
[PlyCount "67"]
[EventDate "2013.??.??"]

1. e4 c5 2. Nf3 e6 3. c3 Nf6 4. e5 Nd5 5. d4 cxd4 6. cxd4 d6 7. a3 Bd7 8. Bd3
Bc6 9. O-O Nd7 10. Re1 Rc8 11. b4 a6 12. Ng5 dxe5 13. Nxe6 fxe6 14. Qh5+ Ke7
15. dxe5 N5f6 16. exf6+ Nxf6 17. Qh3 Be4 18. Bxe4 Nxe4 19. Ra2 Qd5 20. Rae2 Rc6
21. Rxe4 Rxc1 22. Rxe6+ Kf7 23. Nc3 Rxe1+ 24. Rxe1 Qc6 25. Qf5+ Kg8 26. Nd5 h5
27. h4 Rh6 28. Re7 Rg6 29. Rc7 Qd6 30. Rc8 Rh6 31. Re8 g6 32. Qc8 Qxd5 33.
Rxf8+ Kg7 34. Rd8 1-0

[Event "Cappelle-la-Grande"]
[Site "Cappelle-la-Grande (FRA)"]
[Date "2013.03.01"]
[Round "8.40"]
[White "Rambaldi, Francesco"]
[Black "Ninov, Nikolai"]
[Result "0-1"]
[WhiteElo "2321"]
[BlackElo "2520"]
[PlyCount "66"]
[EventDate "2013.??.??"]

1. d4 Nf6 2. c4 e6 3. Nc3 Bb4 4. g3 d5 5. Bg2 O-O 6. a3 Bxc3+ 7. bxc3 dxc4 8.
Nf3 c5 9. O-O Nc6 10. a4 Nd5 11. Qc2 Qa5 12. Bb2 cxd4 13. cxd4 c3 14. Ba3 Rd8
15. Rfb1 Qc7 16. e4 Nf6 17. e5 Nd5 18. Ng5 f5 19. exf6 gxf6 20. Nf3 a5 21. Qe4
Ncb4 22. Bf1 Qf7 23. Nh4 Bd7 24. Re1 Bxa4 25. Rac1 Re8 26. f4 Bc6 27. f5 exf5
28. Qf3 Ne3 29. Qf2 Qd5 30. Ng2 Nxf1 31. Kxf1 Nd3 32. Qc2 Nxc1 33. Bxc1 b5 0-1

[Event "Cappelle-la-Grande"]
[Site "Cappelle-la-Grande (FRA)"]
[Date "2013.03.01"]
[Round "8.42"]
[White "Stephan, Victor"]
[Black "Andreev, Eduard"]
[Result "0-1"]
[WhiteElo "2324"]
[BlackElo "2514"]
[PlyCount "94"]
[EventDate "2013.??.??"]

1. d4 Nf6 2. c4 e6 3. g3 Bb4+ 4. Bd2 c5 5. Bxb4 cxb4 6. Bg2 O-O 7. e4 d6 8. Ne2
e5 9. a3 Qb6 10. O-O Bg4 11. f3 Be6 12. c5 dxc5 13. d5 Bd7 14. a4 c4+ 15. Kh1
Rc8 16. Nd2 c3 17. bxc3 bxc3 18. Nb3 Na6 19. Nbc1 Nb4 20. Nd3 c2 21. Qd2 Nxd3
22. Qxd3 Qb2 23. Rfc1 Rc5 24. Ra3 Rac8 25. Bf1 Qb4 26. Rb3 Qxa4 27. Rxb7 Bb5
28. Qd2 Nxe4 29. fxe4 Qxe4+ 30. Kg1 Rxd5 31. Qxc2 Qe3+ 32. Kh1 Rcd8 33. Qf5 Be8
34. Rbc7 g6 35. Qf6 R5d6 36. Qh4 Qf3+ 37. Kg1 Rd1 38. Rxd1 Rxd1 39. Qh3 Bc6 40.
Rxc6 Qxc6 41. g4 Qb6+ 42. Kg2 Qc6+ 43. Kg1 a5 44. Qb3 Qd7 45. Kg2 Qd5+ 46. Qxd5
Rxd5 47. Nc3 Rd4 0-1

[Event "Cappelle-la-Grande"]
[Site "Cappelle-la-Grande (FRA)"]
[Date "2013.03.01"]
[Round "8.44"]
[White "Chomet, Pascal"]
[Black "Kanep, Meelis"]
[Result "0-1"]
[WhiteElo "2318"]
[BlackElo "2508"]
[PlyCount "98"]
[EventDate "2013.??.??"]

1. e4 c5 2. Nf3 Nc6 3. d4 cxd4 4. Nxd4 Qb6 5. Nb3 Nf6 6. Nc3 e6 7. Bd3 Be7 8.
O-O d6 9. a4 O-O 10. a5 Qc7 11. Bg5 Bd7 12. Qe2 Rfe8 13. f4 h6 14. Bh4 d5 15.
e5 Ne4 16. Nb5 Qb8 17. Bxe7 Nxe7 18. Bxe4 Bxb5 19. Qxb5 dxe4 20. Qe2 Qc7 21.
Qxe4 a6 22. Rf3 Rec8 23. Rc3 Qd8 24. Rd3 Qe8 25. Nd4 Rab8 26. Raa3 Rc5 27. h3
Nd5 28. Rg3 Ne7 29. Rgd3 Nd5 30. Rg3 Ne7 31. Kh2 Qd8 32. Rad3 Qc7 33. c3 Rxa5
34. b4 Rd5 35. Rg4 Kh8 36. Rdg3 Rg8 37. Re3 b6 38. Kh1 a5 39. bxa5 bxa5 40. Qb1
Rc5 41. f5 exf5 42. Nxf5 Nxf5 43. Qxf5 Rxc3 44. Rxc3 Qxc3 45. Re4 Qc1+ 46. Kh2
Qc7 47. Rf4 Rf8 48. e6 g5 49. Qf6+ Kg8 0-1

[Event "Cappelle-la-Grande"]
[Site "Cappelle-la-Grande (FRA)"]
[Date "2013.03.01"]
[Round "8.46"]
[White "Stella, Andrea"]
[Black "Viennot, Dylan"]
[Result "1-0"]
[WhiteElo "2477"]
[BlackElo "2192"]
[PlyCount "79"]
[EventDate "2013.??.??"]

1. Nf3 Nf6 2. c4 e6 3. g3 d5 4. Bg2 Be7 5. O-O O-O 6. b3 a5 7. Nc3 d4 8. Nb5 c5
9. e3 Nc6 10. exd4 cxd4 11. Re1 Re8 12. Bb2 Bc5 13. Ne5 Nxe5 14. Rxe5 Nd7 15.
Re1 e5 16. d3 Nf6 17. a3 Qb6 18. Qd2 Bd7 19. b4 Bf8 20. bxa5 Rxa5 21. a4 Ng4
22. h3 Nh6 23. Qc2 Raa8 24. Qb3 Bc5 25. Bc1 Nf5 26. Bd2 Qg6 27. Nc7 Nh4 28. Be4
Bf5 29. Nxa8 Rxa8 30. Qxb7 Ra6 31. Kh1 Bxe4+ 32. Qxe4 Qxe4+ 33. Rxe4 Nf3 34.
Re2 f5 35. Kg2 Nxd2 36. Rxd2 e4 37. Rb2 exd3 38. a5 Kf7 39. Rb5 Be7 40. Rd1 1-0

[Event "Cappelle-la-Grande"]
[Site "Cappelle-la-Grande (FRA)"]
[Date "2013.03.01"]
[Round "8.47"]
[White "Papp, Petra"]
[Black "Barlov, Dragan"]
[Result "1-0"]
[WhiteElo "2280"]
[BlackElo "2461"]
[PlyCount "95"]
[EventDate "2013.??.??"]

1. e4 c5 2. Nf3 e6 3. d4 cxd4 4. Nxd4 a6 5. c4 Nf6 6. Nc3 Bb4 7. Bd3 Bxc3+ 8.
bxc3 d6 9. O-O e5 10. Nc2 Nbd7 11. Ne3 Nc5 12. f3 Qc7 13. Bc2 Be6 14. Nd5 Bxd5
15. exd5 O-O 16. f4 e4 17. Be3 Nfd7 18. Bd4 f6 19. Qe2 Rae8 20. Rae1 Rf7 21.
Rf3 Rfe7 22. Re3 Qa5 23. Bb1 b5 24. cxb5 axb5 25. Qh5 Qc7 26. Rh3 Nf8 27. Rg3
Ncd7 28. Kh1 Qc4 29. Rge3 g6 30. Qe2 Qxe2 31. R3xe2 f5 32. Rb2 Rb8 33. g4 Kf7
34. g5 Ree8 35. Bc2 Nb6 36. Rxb5 Nc4 37. Rxb8 Rxb8 38. Rc1 Rb2 39. Bb3 Na3 40.
c4 Rb1 41. Rxb1 Nxb1 42. a4 Nd2 43. Ba2 Nd7 44. a5 Nb8 45. c5 dxc5 46. Bxc5 Na6
47. d6+ Ke8 48. Be3 1-0

[Event "Cappelle-la-Grande"]
[Site "Cappelle-la-Grande (FRA)"]
[Date "2013.03.01"]
[Round "8.49"]
[White "Forthofer, Robert"]
[Black "Abergel, Thal"]
[Result "1-0"]
[WhiteElo "2249"]
[BlackElo "2445"]
[PlyCount "79"]
[EventDate "2013.??.??"]

1. e4 c5 2. Nf3 e6 3. d4 cxd4 4. Nxd4 Nf6 5. Nc3 Nc6 6. Ndb5 d6 7. Bf4 e5 8.
Bg5 a6 9. Na3 b5 10. Bxf6 gxf6 11. Nd5 Bg7 12. c3 O-O 13. Nc2 f5 14. exf5 Bxf5
15. Nce3 Be6 16. Bd3 f5 17. Bc2 Ra7 18. Qh5 Raf7 19. g4 Bxd5 20. Nxd5 e4 21.
Rg1 Ne5 22. O-O-O Nxg4 23. f3 Ne5 24. fxe4 f4 25. Bb3 Kh8 26. Rg5 a5 27. a3 a4
28. Ba2 Qb8 29. Rdg1 Qa7 30. Nb4 Nc4 31. Nd5 Ne5 32. Nb4 Qe3+ 33. Kb1 Nc4 34.
Nd5 Qd3+ 35. Ka1 f3 36. Nf4 Qd2 37. Bxc4 bxc4 38. Ng6+ Kg8 39. Nxf8 f2 40.
Rxg7+ 1-0

[Event "Cappelle-la-Grande"]
[Site "Cappelle-la-Grande (FRA)"]
[Date "2013.03.01"]
[Round "8.51"]
[White "Pedersen, Nicolai Vesterbaek"]
[Black "Van Vliet, Dennis"]
[Result "1-0"]
[WhiteElo "2443"]
[BlackElo "2068"]
[PlyCount "91"]
[EventDate "2013.??.??"]

1. c4 e6 2. g3 d5 3. Bg2 c5 4. Nf3 Nc6 5. O-O Nf6 6. cxd5 exd5 7. d4 Be7 8. Be3
c4 9. b3 cxb3 10. Qxb3 O-O 11. Ne5 Na5 12. Qa4 Be6 13. Bd2 Nc4 14. Nxc4 dxc4
15. e3 Bd5 16. Nc3 Bxg2 17. Kxg2 Qc7 18. e4 a6 19. e5 b5 20. Qd1 Qc6+ 21. Qf3
Qxf3+ 22. Kxf3 Nd7 23. a4 Bb4 24. Rfb1 Bxc3 25. Bxc3 Nb6 26. axb5 axb5 27. Rxb5
Na4 28. Ra5 Rxa5 29. Bxa5 Nb2 30. Bc3 Nd3 31. Ra4 Rc8 32. Ke3 Kf8 33. f4 h5 34.
f5 Ke8 35. d5 Rd8 36. Kd4 Nc1 37. Rxc4 Ra8 38. Bb2 Nb3+ 39. Kc3 Na5 40. Rc5 Nb7
41. Rc7 Nd8 42. Kb3 Rb8+ 43. Kc3 Rb7 44. d6 Kf8 45. Ba3 Kg8 46. Rc8 1-0